000 00382nam a2200169Ia 4500
001 13584
003 Ost
005 20260507155344.0
008 251113s9999||||xx |||||||||||||| ||eng||
040 _cnitttr
041 _aeng
082 _a620.1
_bM726N
100 _aGupta, Y. P.
245 0 _aNew pattern mechanics /
_cGupta, Y. P., Rai, B.
700 _a Rai, B.
942 _cBK
999 _c13465
_d13465